| 000 | 00762nam a2200265Ia 4500 | ||
|---|---|---|---|
| 001 | Para_7298 | ||
| 003 | CHAP | ||
| 008 | 220125s9999 xx 000 0 und d | ||
| 010 | _a206186 | ||
| 040 | _cCHAP | ||
| 090 | _aPA R-62 | ||
| 100 |
_aHinman, F.G. _9172407 |
||
| 245 |
_aScreening tests of compounds as fumigants for eggs and larvae of the oriental fruit fly / _c F.G. Hinman |
||
| 300 | _app. 549-556 | ||
| 500 | _aSobretiro de: Journal of Economic Entomology, 47(4): 549-556, 1954 | ||
| 650 |
_aFruta _x plagas _943646 |
||
| 650 |
_aMosca de la fruta _978989 |
||
| 901 | _aPA R-62 | ||
| 902 | _aA | ||
| 905 | _a000000 0000000000 00 | ||
| 910 | _a | ||
| 942 | _cPARA | ||
| 942 |
_cPARA _d1 |
||
| 999 |
_c206186 _d206186 |
||